[Event "HUN-chT2 Toth 1617"]
[Site "Hungary"]
[Date "2016.09.25"]
[Round "1.6"]
[White "Pal, Imre"]
[Black "Lovas, Peter"]
[Result "1-0"]
[WhiteElo "2125"]
[BlackElo "1830"]
[PlyCount "59"]
[EventDate "2016.09.25"]
[EventType "team-tourn"]
[EventRounds "11"]
[EventCountry "HUN"]
[SourceTitle "EXT 2021"]
[Source "ChessBase"]
[SourceDate "2020.10.23"]
[SourceVersion "1"]
[SourceVersionDate "2020.10.23"]
[SourceQuality "1"]
[WhiteTeam "Kecskemet Toth Laszlo II"]
[BlackTeam "Nadudvar"]
[WhiteTeamCountry "HUN"]
[BlackTeamCountry "HUN"]

1. e4 e6 2. d4 d5 3. Nc3 Nf6 4. e5 Nfd7 5. f4 c5 6. Nf3 Nc6 7. Ne2 cxd4 8. Nexd4 Nxd4 9. Nxd4 Bc5 10. c3 0-0 11. Be3 a6 12. Bd3 Qe7 13. 0-0 f6 14. exf6 Nxf6 15. Kh1 e5 16. fxe5 Ng4 17. Bf4 Rxf4 18. Rxf4 Qh4 19. Rxg4 Bxg4 20. Qe1 Qh6 21. Qg3 Bd7 22. Re1 Rf8 23. h3 Be7 24. Nf3 Rf4 25. e6 Bxe6 26. Rxe6 Rxf3 27. Bxh7+ Qxh7 28. Qxf3 Qh4 29. Qxd5 Bf6 30. Re4+ 1-0

[Event "HUN-chT2 Barcza 1516"]
[Site "Hungary"]
[Date "2016.04.03"]
[Round "10.7"]
[White "Lovas, Peter"]
[Black "Ecsedi, Sandor"]
[Result "1/2-1/2"]
[WhiteElo "1834"]
[BlackElo "2030"]
[PlyCount "59"]
[EventDate "2015.09.13"]
[EventType "team-tourn"]
[EventRounds "11"]
[EventCountry "HUN"]
[SourceTitle "EXT 2017"]
[Source "ChessBase"]
[SourceDate "2016.10.25"]
[SourceVersion "1"]
[SourceVersionDate "2016.10.25"]
[SourceQuality "1"]
[WhiteTeam "Nadudvar"]
[BlackTeam "Hajduszoboszlo"]
[WhiteTeamCountry "HUN"]
[BlackTeamCountry "HUN"]

1. e4 c5 2. Nf3 d6 3. d4 cxd4 4. Nxd4 Nf6 5. Nc3 e5 6. Nf5 d5 7. Bg5 Bxf5 8. exf5 Bb4 9. Bxf6 Bxc3+ 10. bxc3 gxf6 11. g3 Qa5 12. Qf3 Nc6 13. Bg2 0-0-0 14. 0-0 Qc5 15. Qh5 Qe7 16. c4 d4 17. Bxc6 bxc6 18. Rab1 Kc7 19. Rb3 Rb8 20. Rfb1 e4 21. Qg4 c5 22. h4 Qe5 23. Qg7 Qe7 24. Qg4 Rhg8 25. Qh5 Rxb3 26. Rxb3 e3 27. Qf3 exf2+ 28. Kxf2 Rb8 29. Qf4+ Qe5 30. Qxe5+ 1/2-1/2

[Event "HUN-chT2 Barcza 1516"]
[Site "Hungary"]
[Date "2015.12.06"]
[Round "6.7"]
[White "Lovas, Peter"]
[Black "Csorsz, Ferenc Jr"]
[Result "0-1"]
[WhiteElo "1849"]
[BlackElo "1930"]
[PlyCount "76"]
[EventDate "2015.09.13"]
[EventType "team-tourn"]
[EventRounds "11"]
[EventCountry "HUN"]
[SourceTitle "CBM 170 Extra"]
[Source "ChessBase"]
[SourceDate "2016.02.25"]
[SourceVersion "1"]
[SourceVersionDate "2016.02.25"]
[SourceQuality "1"]
[WhiteTeam "Nadudvar"]
[BlackTeam "Nyiregyhaza"]
[WhiteTeamCountry "HUN"]
[BlackTeamCountry "HUN"]

1. e4 c5 2. Nf3 e6 3. c3 d5 4. exd5 exd5 5. d4 Nf6 6. Bd3 Bd6 7. dxc5 Bxc5 8. Qe2+ Be6 9. 0-0 0-0 10. h3 Re8 11. Qc2 h6 12. Bf4 Nc6 13. Nbd2 Bd6 14. Bxd6 Qxd6 15. Rfe1 Qf4 16. a3 Re7 17. g3 Qd6 18. Bf5 Rae8 19. Bxe6 Rxe6 20. Kg2 Ne4 21. c4 Qc5 22. Nxe4 dxe4 23. Ng1 Nd4 24. Qc3 Nf5 25. b4 Qb6 26. Qc2 g6 27. c5 Qc6 28. Kh2 e3 29. f3 Nd4 30. Qg2 e2 31. Ra2 Qb5 32. Rd2 Qc4 33. Qf2 Re3 34. h4 Qc3 35. Ra2 Nc2 36. Rxe2 Rxe2 37. Nxe2 Qd2 38. Kg2 Rxe2 0-1

[Event "HUN-chT2 Barcza 1314"]
[Site "Hungary"]
[Date "2014.04.27"]
[Round "11"]
[White "Lovas, Peter"]
[Black "Szanto, Imre"]
[Result "1/2-1/2"]
[WhiteElo "1838"]
[BlackElo "1750"]
[PlyCount "32"]
[EventDate "2013.09.08"]
[EventType "team-tourn"]
[EventRounds "11"]
[EventCountry "HUN"]
[SourceTitle "EXT 2016"]
[Source "ChessBase"]
[SourceDate "2015.10.08"]
[SourceVersion "1"]
[SourceVersionDate "2015.10.08"]
[SourceQuality "1"]
[WhiteTeam "Nadudvar"]
[BlackTeam "Hajduszoboszlo"]
[WhiteTeamCountry "HUN"]
[BlackTeamCountry "HUN"]

1. e4 e6 2. d4 d5 3. exd5 exd5 4. Bd3 Bd6 5. Nf3 Bg4 6. h3 Bh5 7. 0-0 Nc6 8. c3 Nge7 9. Nbd2 0-0 10. Qc2 Bg6 11. Re1 Re8 12. Ne5 Bxe5 13. dxe5 Bxd3 14. Qxd3 Ng6 15. Qb5 Ngxe5 16. Qxb7 Rb8 1/2-1/2

[Event "HUN-chT2 Toth 1011"]
[Site "Hungary"]
[Date "2011.05.01"]
[Round "10.7"]
[White "Nagy, Jozsef"]
[Black "Lovas, Peter"]
[Result "1/2-1/2"]
[WhiteElo "1903"]
[BlackElo "1792"]
[PlyCount "114"]
[EventDate "2010.09.12"]
[EventType "team-tourn"]
[EventRounds "11"]
[EventCountry "HUN"]
[SourceTitle "EXT 2012"]
[Source "ChessBase"]
[SourceDate "2011.11.24"]
[SourceVersion "1"]
[SourceVersionDate "2011.11.24"]
[SourceQuality "1"]
[WhiteTeam "Csongrad Felegyhaza"]
[BlackTeam "Nadudvar"]
[WhiteTeamCountry "HUN"]
[BlackTeamCountry "HUN"]

1. d4 Nf6 2. c4 e6 3. Nf3 b6 4. Nc3 Bb7 5. e3 d5 6. Bd2 Be7 7. Rc1 Nbd7 8. a3 c5 9. cxd5 Nxd5 10. Bc4 0-0 11. dxc5 Nxc5 12. b4 Nxc3 13. Rxc3 Ne4 14. Rc2 Bc6 15. b5 Bb7 16. a4 Nxd2 17. Qxd2 Qxd2+ 18. Kxd2 Rac8 19. Kc3 Rfd8 20. Kb3 Be4 21. Rcc1 g5 22. Rhg1 g4 23. Nd4 e5 24. Nc6 Bxc6 25. bxc6 Rd2 26. Rgf1 Bc5 27. Bb5 a6 28. Bxa6 Rxc6 29. Bb5 Rf6 30. Rc2 Rxc2 31. Kxc2 Rd6 32. Kc3 Rd8 33. Rc1 Be7 34. Rb1 Bc5 35. Be2 h5 36. Rb2 f5 37. Rc2 Rc8 38. Kb3 f4 39. exf4 exf4 40. Ba6 Rc7 41. Be2 Rc8 42. f3 g3 43. hxg3 fxg3 44. Rc4 Re8 45. Rc2 h4 46. Bb5 Re3+ 47. Kc4 Re5 48. Bd7 Bf2 49. Kb3 Re1 50. Rc4 Rh1 51. Bh3 Kf8 52. Rxh4 Ke7 53. Kc2 Kf6 54. Kd2 Rb1 55. Rc4 Rh1 56. Rh4 Rb1 57. f4 Rb4 1/2-1/2

[Event "HUN-chT2 Toth 0910"]
[Site "Hungary"]
[Date "2010.04.11"]
[Round "9.10"]
[White "Lovas, Peter"]
[Black "Valyi, Adel"]
[Result "1-0"]
[WhiteElo "1724"]
[BlackElo "1638"]
[PlyCount "67"]
[EventDate "2009.11.08"]
[EventType "team-tourn"]
[EventRounds "11"]
[EventCountry "HUN"]
[SourceTitle "EXT 2011"]
[Source "ChessBase"]
[SourceDate "2010.11.26"]
[SourceVersion "1"]
[SourceVersionDate "2010.11.26"]
[SourceQuality "1"]
[WhiteTeam "Nadudvar"]
[BlackTeam "Roszke"]
[WhiteTeamCountry "HUN"]
[BlackTeamCountry "HUN"]

1. e4 c5 2. Nf3 d6 3. c4 Nc6 4. d3 g6 5. Nc3 Bg7 6. Be2 Nf6 7. Bf4 0-0 8. 0-0 h6 9. Qd2 Kh7 10. Nd5 e5 11. Nxf6+ Qxf6 12. Bg3 Qe6 13. Ne1 f5 14. f3 Bf6 15. Nc2 Rg8 16. Kh1 Qe7 17. Rg1 f4 18. Bf2 Rg7 19. g4 fxg3 20. hxg3 Bh3 21. Kh2 Bd7 22. Kg2 Nd4 23. Nxd4 cxd4 24. Rh1 Bg5 25. f4 exf4 26. gxf4 Bf6 27. Rxh6+ Kg8 28. Rah1 Rc8 29. Rh8+ Kf7 30. Rxc8 Bxc8 31. Qa5 g5 32. f5 a6 33. Rh8 Qe5 34. Bh5+ 1-0

[Event "HUN-chT2 Toth 0910"]
[Site "Hungary"]
[Date "2010.03.21"]
[Round "8.10"]
[White "Kozak, Otto"]
[Black "Lovas, Peter"]
[Result "1-0"]
[WhiteElo "1821"]
[BlackElo "1724"]
[PlyCount "81"]
[EventDate "2009.11.08"]
[EventType "team-tourn"]
[EventRounds "11"]
[EventCountry "HUN"]
[SourceTitle "EXT 2011"]
[Source "ChessBase"]
[SourceDate "2010.11.26"]
[SourceVersion "1"]
[SourceVersionDate "2010.11.26"]
[SourceQuality "1"]
[WhiteTeam "Karcag"]
[BlackTeam "Nadudvar"]
[WhiteTeamCountry "HUN"]
[BlackTeamCountry "HUN"]

1. e4 e6 2. d4 d5 3. exd5 exd5 4. c4 Nf6 5. Nc3 c6 6. c5 Bf5 7. Bd3 Bxd3 8. Qxd3 Be7 9. Nf3 0-0 10. 0-0 Nbd7 11. Re1 Re8 12. Bf4 Nh5 13. Bd2 Qc7 14. g3 g6 15. Re2 f5 16. Rae1 Ndf6 17. Bg5 Ne4 18. Bxe7 Rxe7 19. Ne5 Rae8 20. f3 Nxc3 21. Qxc3 Nf6 22. b4 Nd7 23. f4 Nf6 24. Qb2 Ne4 25. a4 Ra8 26. Rc2 Ree8 27. Rb1 a6 28. b5 Reb8 29. Qb3 Kg7 30. Qd3 axb5 31. axb5 Nf6 32. Rcb2 Nd7 33. Nxd7 Qxd7 34. bxc6 Qxc6 35. Rb6 Qc7 36. Qb3 Qe7 37. Qxd5 Qe3+ 38. Kh1 Ra2 39. Qe5+ Qxe5 40. fxe5 Raa8 41. c6 1-0

[Event "HUN-chT2 Toth 0910"]
[Site "Hungary"]
[Date "2010.02.28"]
[Round "7.11"]
[White "Sandor, Peter"]
[Black "Lovas, Peter"]
[Result "1-0"]
[WhiteElo "2062"]
[BlackElo "1724"]
[PlyCount "77"]
[EventDate "2009.11.08"]
[EventType "team-tourn"]
[EventRounds "11"]
[EventCountry "HUN"]
[SourceTitle "EXT 2011"]
[Source "ChessBase"]
[SourceDate "2010.11.26"]
[SourceVersion "1"]
[SourceVersionDate "2010.11.26"]
[SourceQuality "1"]
[WhiteTeam "Bekes"]
[BlackTeam "Nadudvar"]
[WhiteTeamCountry "HUN"]
[BlackTeamCountry "HUN"]

1. e4 e6 2. d4 d5 3. exd5 exd5 4. Nf3 Nf6 5. c4 c6 6. Nc3 Bb4 7. Qb3 Qb6 8. Bd2 Bxc3 9. bxc3 Qxb3 10. axb3 Be6 11. c5 Nbd7 12. b4 a6 13. b5 0-0 14. bxc6 bxc6 15. Bd3 Ne4 16. Ng5 Nxd2 17. Kxd2 h6 18. Nxe6 fxe6 19. f3 Rfb8 20. Kc2 a5 21. Bg6 Kf8 22. Rhe1 Ke7 23. f4 Nf8 24. Bd3 Kd7 25. f5 a4 26. fxe6+ Nxe6 27. Bf5 Re8 28. Rxe6 Rxe6 29. Re1 Rae8 30. Kb2 g6 31. Bh3 h5 32. Ka3 g5 33. Rxe6 Rxe6 34. Bxe6+ Kxe6 35. Kxa4 g4 36. Ka5 Kd7 37. Kb6 h4 38. Kb7 h3 39. g3 1-0

[Event "HUN-chT U18"]
[Site "Miskolc"]
[Date "2009.10.27"]
[Round "2.19"]
[White "Lovas, Peter"]
[Black "Nadasdi, Bela"]
[Result "1/2-1/2"]
[WhiteElo "1724"]
[BlackElo "1688"]
[PlyCount "32"]
[EventDate "2009.10.26"]
[EventType "team-swiss"]
[EventRounds "8"]
[EventCountry "HUN"]
[SourceTitle "EXT 2016"]
[Source "ChessBase"]
[SourceDate "2015.10.08"]
[SourceVersion "1"]
[SourceVersionDate "2015.10.08"]
[SourceQuality "1"]

1. e4 c5 2. Nf3 d6 3. c3 Nf6 4. d3 Nc6 5. Bf4 Bg4 6. Nbd2 g6 7. Be2 Bg7 8. 0-0 0-0 9. Qc2 d5 10. exd5 Nxd5 11. Bg3 Rc8 12. Ne4 b6 13. h3 Bf5 14. Rad1 Re8 15. Rfe1 e5 16. Qb3 Be6 1/2-1/2

[Event "HUN-chT2 Toth 0809"]
[Site "Hungary"]
[Date "2009.01.25"]
[Round "6.11"]
[White "Lovas, Peter"]
[Black "Szalaji, Renata"]
[Result "1-0"]
[WhiteElo "1825"]
[BlackElo "1836"]
[PlyCount "25"]
[EventDate "2008.10.26"]
[EventType "team-tourn"]
[EventRounds "11"]
[EventCountry "HUN"]
[SourceTitle "EXT 2010"]
[Source "ChessBase"]
[SourceDate "2010.11.25"]
[SourceVersion "1"]
[SourceVersionDate "2010.11.25"]
[SourceQuality "1"]
[WhiteTeam "Nadudvar"]
[BlackTeam "Szentes"]
[WhiteTeamCountry "HUN"]
[BlackTeamCountry "HUN"]

1. e4 c6 2. c4 d5 3. exd5 cxd5 4. d4 Nf6 5. Nc3 Bf5 6. cxd5 Nxd5 7. Qb3 Nb6 8. Bb5+ Nc6 9. d5 a6 10. dxc6 axb5 11. Qxb5 e6 12. cxb7+ Nd7 13. bxa8Q 1-0